<?xml version="1.0" encoding="utf-8"?>
<?xml-stylesheet type='text/xsl' href='./oai2.xsl'?>
<OAI-PMH xmlns="http://www.openarchives.org/OAI/2.0/" xmlns:xsi="http://www.w3.org/2001/XMLSchema-instance" xsi:schemaLocation="http://www.openarchives.org/OAI/2.0/ http://www.openarchives.org/OAI/2.0/OAI-PMH.xsd">
  <responseDate>2026-05-12T17:20:24Z</responseDate>
  <request verb="GetRecord" metadataPrefix="marcxml" identifier="record_kuniweb_1369986">https://kulturerbe.niedersachsen.de/oai</request>
  <GetRecord>
    <record>
      <header>
        <identifier>record_kuniweb_1369986</identifier>
        <datestamp>2026-03-31T19:09:18Z</datestamp>
        <setSpec>slg0186</setSpec>
      </header>
      <metadata>
        <marc:record xmlns:marc="http://www.loc.gov/MARC21/slim" xsi:schemaLocation="http://www.loc.gov/MARC21/slim http://www.loc.gov/standards/marcxml/schema/MARC21slim.xsd">
          <marc:leader>12345nrm  22     uu 4500</marc:leader>
          <marc:controlfield tag="001">1369986</marc:controlfield>
          <marc:controlfield tag="003">http://kuniweb.gbv.de</marc:controlfield>
          <marc:controlfield tag="005">2024-06-26T16:33:11</marc:controlfield>
          <marc:controlfield tag="008">|           ||||||||||||||||||||||</marc:controlfield>
          <marc:datafield tag="245" ind1="1" ind2="0">
            <marc:subfield code="a">Schnupftabaksdose: Ansicht des Brockenhauses</marc:subfield>
          </marc:datafield>
          <marc:datafield tag="720" ind1=" " ind2=" ">
            <marc:subfield code="a">C. H. Stobwasser und Co. &lt;Braunschweig&gt;</marc:subfield>
          </marc:datafield>
          <marc:datafield tag="655" ind1=" " ind2="7">
            <marc:subfield code="a">Kunsthandwerk</marc:subfield>
          </marc:datafield>
          <marc:datafield tag="046" ind1=" " ind2=" ">
            <marc:subfield code="k">1805</marc:subfield>
            <marc:subfield code="k">um 1805 - 1825 (anhand der Baugeschichte des Gebäudes)</marc:subfield>
            <marc:subfield code="l">1825</marc:subfield>
          </marc:datafield>
          <marc:datafield tag="260" ind1=" " ind2=" ">
            <marc:subfield code="g">1805</marc:subfield>
            <marc:subfield code="g">1825</marc:subfield>
            <marc:subfield code="g">um 1805 - 1825 (anhand der Baugeschichte des Gebäudes)</marc:subfield>
          </marc:datafield>
          <marc:datafield tag="300" ind1=" " ind2=" ">
            <marc:subfield code="a">Höhe: 1,93 cm (Gesamthöhe)
Durchmesser: 9,12 cm</marc:subfield>
          </marc:datafield>
          <marc:datafield tag="520" ind1=" " ind2=" ">
            <marc:subfield code="a">Die Dose aus Papiermaché ist rund und flach, die Wandung konkav. Sie ist außen und innen schwarz  bemalt. Auf dem Deckel befindet sich eine Minitaturmalerei mit der Ansicht des Brockenhauses: 
Im Mittelgrund das elfachsige niedrige Brockenhaus mit Satteldach und zwei dreiachsigen Anbauten rechts und links. Das Hauptgebäude umschließt den runden Brockenturm, auf dessen Plattform mehrere Personen zu erkennen sind.
Im Vordergrund die rel. ebene Fläche des Brockengipfels mit einzelnen Felsen und spärlicher Vegetation sowie einzelnen Wanderern: im Mittelpunkt ein Paar (sie im weißen Kleid), vorne links ein rastender Wanderer, zwei Personen an der Tür zum Brockenhaus, rechts kommen zwei Personen um die Ecke des Nebengebäudes, während zwei weitere scheinbar rechts in die Tiefe schauen. Der Himmel ist stark bewölkt, rechts reißt er auf. (Städtisches Museum Braunschweig)

Aufkleber/Etikett:
"201" und "St. // 381" (in Blau auf rundem Aufkleber aus weißem Papier, unter dem Boden)

Inschrift:
"3591" (in Rot, im Deckel)

Aufkleber/Etikett:
"St. 381" (in Schwarz auf rechteckigem beigen Papier, dazu runder Museumsstempel, lose im Innern liegend)

Literatur in Zusammenhang:
D. Richter und B. Willscheid, „Reinheit, Feuer &amp;amp; Glanz Stobwasser und Roentgen - Kunsthandwerk von Weltrang ; [Katalog der Ausstellung Reinheit, Feuer &amp;amp; Glanz. Stobwasser und Roentgen - Kunsthandwerk von Weltrang 21. April - 18. August 2013]“. Roentgen-Museum, Neuwied, 2013. (S. 20, Abb. 11a, u. S. 109, Nr. 85: Schnupftabaksdose mit Blick auf das Brockenhaus, Öl-Lackmalerei auf Pappmaché, H 1,9, Durchm. 9,3 cm, Braunschweig, Manufaktur Stockmann, 1. Drittel 19. Jh. (Braunschweig, Slg. Prof. Dr. Martin Rohr).)</marc:subfield>
          </marc:datafield>
          <marc:datafield tag="650" ind1="1" ind2=" ">
            <marc:subfield code="a">Behältnis, Hülle</marc:subfield>
          </marc:datafield>
          <marc:datafield tag="650" ind1="1" ind2=" ">
            <marc:subfield code="a">Behältnis, Hülle &gt; Behältnis &gt; Dose</marc:subfield>
          </marc:datafield>
          <marc:datafield tag="650" ind1="1" ind2=" ">
            <marc:subfield code="a">Gebrauchsgegenstand</marc:subfield>
          </marc:datafield>
          <marc:datafield tag="650" ind1="1" ind2=" ">
            <marc:subfield code="a">Schnupftabak</marc:subfield>
          </marc:datafield>
          <marc:datafield tag="650" ind1="1" ind2=" ">
            <marc:subfield code="a">Brocken</marc:subfield>
          </marc:datafield>
          <marc:datafield tag="773" ind1="0" ind2=" ">
            <marc:subfield code="t">Sammlung Kunstgewerbe</marc:subfield>
          </marc:datafield>
          <marc:datafield tag="852" ind1=" " ind2=" ">
            <marc:subfield code="a">Städtisches Museum Braunschweig</marc:subfield>
          </marc:datafield>
          <marc:datafield tag="852" ind1=" " ind2=" ">
            <marc:subfield code="a">Braunschweig</marc:subfield>
          </marc:datafield>
          <marc:datafield tag="" ind1=" " ind2=" ">
            <marc:subfield code="a">Namensnennung - Nicht kommerziell - Keine Bearbeitungen 4.0 International (CC BY-NC-ND 4.0)</marc:subfield>
          </marc:datafield>
        </marc:record>
      </metadata>
    </record>
  </GetRecord>
</OAI-PMH>
